000 00450nam a2200181 i 4500
001 bg
100 1 _aJAEGER, C. J.
245 0 _aFundamentals of rock mechanics /
_cC.J. Jaeger, N.G.W. Cook.
260 _aLondon :
_bChapman and Hall,
_c1976.
700 1 _aCOOK, N. G. W.
020 _a0412214105
040 _cBPK
041 _apol
080 _a624.15
920 _a0-412-21410-5
942 _cKS
008 s pl f |000 0 pol
999 _c27788
_d27788
856 _uhttp://koha.tu.koszalin.pl/cgi-bin/koha/opac-detail.pl?biblionumber=27788
_yKatalog online BPK